000 00722nam a2200241 a 4500
008
020 _a1555581994 (pbk.)
049 _aMAIN
090 0 0 _aQA76.76.O63
_bCHE
100 1 _aCheek, Matthew.
245 1 0 _aDigital UNIX system administrator's guide /
_cMatthew Cheek.
260 _aBoston :
_bDigital Press,
_cc1999.
300 _ax, 402 p. :
_bill. ;
_c24 cm.
504 _aIncludes bibliographical references.
500 _aIncludes index.
650 0 _aUNIX (Computer file).
650 0 _aOperating systems (Computers).
907 _a.b10132247
_b06-11-12
_c05-08-04
003
005 20230123133806.0
040 _cNUST
942 _cBOOKS
_kQA76.76.O63
_mCHE
999 _c154707
_d154707